[Event "Reykjavik op"]
[Site "Reykjavik"]
[Date "2025.04.13"]
[Round "6"]
[White "Pisk, Petr"]
[Black "Arun, Nitish"]
[Result "1-0"]
[WhiteElo "2302"]
[BlackElo "2004"]
[PlyCount "77"]
[EventDate "2025.04.09"]
[EventType "swiss"]
[EventRounds "9"]
[EventCountry "ISL"]
[SourceTitle "CB17_2025"]
[SourceDate "2025.04.23"]
[SourceVersion "1"]
[SourceVersionDate "2025.04.23"]
[SourceQuality "1"]

1. d4 Nf6 2. Nf3 e6 3. Bg5 d5 4. Nbd2 Be7 5. e3 0-0 6. Bd3 c5 7. c3 b6 8. Ne5 Ba6 9. Bxa6 Nxa6 10. Nc6 Qc7 11. Nxe7+ Qxe7 12. 0-0 cxd4 13. exd4 Nc7 14. Nf3 Nce8 15. Ne5 h6 16. Bf4 Nd6 17. Qe2 Rfc8 18. Rae1 Nc4 19. Nd3 Ne4 20. f3 Nf6 21. g4 Nd7 22. Qg2 Nf8 23. Bg3 Qb7 24. h4 Qa6 25. Qc2 Qb5 26. Rf2 a6 27. Rh2 Ra7 28. Nf4 g6 29. Nd3 Nh7 30. Bf4 g5 31. hxg5 hxg5 32. Bc1 Rcc7 33. Rxh7 Kxh7 34. Qh2+ Kg8 35. Bxg5 f6 36. Bxf6 Rh7 37. Qb8+ Kf7 38. Qxa7+ Kg6 39. Nf4+ 1-0

[Event "Reykjavik op"]
[Site "Reykjavik"]
[Date "2025.04.12"]
[Round "5"]
[White "Pisk, Petr"]
[Black "Tessiore, Luca G"]
[Result "1/2-1/2"]
[WhiteElo "2302"]
[BlackElo "2087"]
[PlyCount "62"]
[EventDate "2025.04.09"]
[EventType "swiss"]
[EventRounds "9"]
[EventCountry "ISL"]
[SourceTitle "CB17_2025"]
[SourceDate "2025.04.23"]
[SourceVersion "1"]
[SourceVersionDate "2025.04.23"]
[SourceQuality "1"]

1. c4 Nf6 2. Nf3 e6 3. e3 d5 4. d4 Be7 5. Nc3 0-0 6. Bd3 Nbd7 7. 0-0 dxc4 8. Bxc4 c5 9. Qe2 a6 10. a4 b6 11. Rd1 Bb7 12. d5 exd5 13. Nxd5 Nxd5 14. Bxd5 Bxd5 15. Rxd5 Qc7 16. e4 Nf6 17. Rd1 Qc6 18. Bg5 h6 19. Ne5 Qe6 20. Bxf6 Bxf6 21. Nd7 Rfd8 22. Nxf6+ Qxf6 23. g3 Qc6 24. Rxd8+ Rxd8 25. Qxa6 Rd2 26. a5 Rxb2 27. axb6 Rxb6 28. Qa8+ Qxa8 29. Rxa8+ Kh7 30. Rc8 Rb4 31. Rxc5 Rxe4 1/2-1/2

[Event "Marianske Lazne IM-B2 23rd"]
[Site "Marianske Lazne"]
[Date "2025.01.23"]
[Round "7"]
[White "Pisk, Petr"]
[Black "Ochedzan, Filip"]
[Result "1/2-1/2"]
[WhiteElo "2302"]
[BlackElo "2138"]
[PlyCount "48"]
[EventDate "2025.01.18"]
[EventType "tourn"]
[EventRounds "9"]
[EventCountry "CZE"]
[EventCategory "1"]
[SourceTitle "CB05_2025"]
[SourceDate "2025.01.29"]
[SourceVersion "1"]
[SourceVersionDate "2025.01.29"]
[SourceQuality "1"]

1. e4 c5 2. c3 d5 3. exd5 Qxd5 4. d4 Nf6 5. Nf3 Bg4 6. Nbd2 Nc6 7. Bc4 Bxf3 8. Qxf3 Qxf3 9. Nxf3 cxd4 10. Nxd4 Nxd4 11. cxd4 e6 12. Bb5+ Kd8 13. Bg5 Be7 14. Bxf6 Bxf6 15. 0-0-0 Kc7 16. d5 exd5 17. Rxd5 Rad8 18. Rhd1 Rxd5 19. Rxd5 Rd8 20. Rxd8 Bxd8 21. Bc4 f6 22. Bg8 h6 23. Bd5 b5 24. Kd2 Kd6 1/2-1/2

[Event "CZE-chT1E 2425"]
[Site "Czech Republic"]
[Date "2025.01.05"]
[Round "5.4"]
[White "Obsivac, Josef"]
[Black "Pisk, Petr"]
[Result "1/2-1/2"]
[WhiteElo "2270"]
[BlackElo "2279"]
[PlyCount "61"]
[EventDate "2024.10.20"]
[EventType "team-tourn"]
[EventRounds "11"]
[EventCountry "CZE"]
[SourceTitle "CB16_2025"]
[SourceDate "2025.04.16"]
[SourceVersion "1"]
[SourceVersionDate "2025.04.16"]
[SourceQuality "1"]
[WhiteTeam "Grygov Proclient"]
[BlackTeam "Brno Moravska Slavia II"]
[WhiteTeamCountry "CZE"]
[BlackTeamCountry "CZE"]

1. d4 Nf6 2. c4 e6 3. Nf3 Bb4+ 4. Bd2 a5 5. g3 d5 6. Qc2 Nc6 7. Nc3 dxc4 8. e3 Bxc3 9. bxc3 Qd5 10. Bg2 e5 11. Nh4 Qd6 12. 0-0 0-0 13. Rad1 Re8 14. d5 Ne7 15. e4 Ng6 16. Nxg6 hxg6 17. Qa4 Bd7 18. Qxc4 c6 19. Qb3 b5 20. c4 bxc4 21. Qxc4 cxd5 22. exd5 Rec8 23. Qb3 Rcb8 24. Qe3 Ba4 25. Rc1 Nd7 26. Qc3 Bb5 27. Rfe1 Re8 28. Qc7 Qa3 29. Qc3 Qd6 30. Qc7 Qa3 31. Qc3 1/2-1/2

[Event "CZE-chT1E 2425"]
[Site "Czech Republic"]
[Date "2024.11.10"]
[Round "2.5"]
[White "Virostko, Petr"]
[Black "Pisk, Petr"]
[Result "1-0"]
[WhiteElo "2311"]
[BlackElo "2279"]
[PlyCount "77"]
[EventDate "2024.10.20"]
[EventType "team-tourn"]
[EventRounds "11"]
[EventCountry "CZE"]
[SourceTitle "CB16_2025"]
[SourceDate "2025.04.16"]
[SourceVersion "1"]
[SourceVersionDate "2025.04.16"]
[SourceQuality "1"]
[WhiteTeam "Frydek Mistek II"]
[BlackTeam "Brno Moravska Slavia II"]
[WhiteTeamCountry "CZE"]
[BlackTeamCountry "CZE"]

1. d4 d5 2. c4 c6 3. Nc3 Nf6 4. Nf3 a6 5. e3 b5 6. b3 Bg4 7. Be2 Nbd7 8. 0-0 e6 9. h3 Bh5 10. Bb2 Bd6 11. Ne5 Bxe2 12. Nxe2 Rc8 13. Qd3 0-0 14. f3 Qc7 15. Nxd7 Nxd7 16. e4 Qb7 17. c5 Be7 18. e5 Rce8 19. Kh1 f5 20. f4 Ra8 21. g4 g6 22. Bc3 a5 23. a4 b4 24. Bd2 Qa6 25. Qe3 Rae8 26. Rf2 Bh4 27. Rh2 Bd8 28. Rg1 Kf7 29. h4 fxg4 30. h5 Rg8 31. Rxg4 Nf8 32. hxg6+ hxg6 33. Ng3 Rg7 34. Qf3 Qb7 35. f5 Kg8 36. Bh6 exf5 37. Nxf5 Rh7 38. Nd6 Qe7 39. Nxe8 1-0

[Event "AUT-chT2O 2425"]
[Site "Austria"]
[Date "2024.10.12"]
[Round "2.3"]
[White "Videki, Sandor"]
[Black "Pisk, Petr"]
[Result "0-1"]
[WhiteElo "2334"]
[BlackElo "2279"]
[PlyCount "108"]
[EventDate "2024.10.11"]
[EventType "team-tourn"]
[EventRounds "11"]
[EventCountry "AUT"]
[SourceTitle "CB42_2024"]
[Source "ChessBase"]
[SourceDate "2024.10.16"]
[SourceVersion "1"]
[SourceVersionDate "2024.10.16"]
[SourceQuality "1"]
[WhiteTeam "Pressbaum"]
[BlackTeam "Hietzing"]
[WhiteTeamCountry "AUT"]
[BlackTeamCountry "AUT"]

1. Nf3 Nf6 2. c4 c6 3. e3 d5 4. Nc3 g6 5. b3 Bg7 6. Bb2 Bg4 7. Be2 0-0 8. 0-0 Ne4 9. d4 Nxc3 10. Bxc3 e6 11. h3 Bxf3 12. Bxf3 Nd7 13. Qd2 Re8 14. Rad1 Nf6 15. Rfe1 Qc7 16. Qc2 Rad8 17. Bb2 h5 18. g3 Qe7 19. Rd2 Nh7 20. Bg2 Rd7 21. Rde2 Ng5 22. Rc1 Rf8 23. cxd5 exd5 24. Qc5 Qxc5 25. Rxc5 Ne4 26. Rc1 Re8 27. Ba3 f5 28. h4 a5 29. Bb2 Bf8 30. a4 Bb4 31. Rcc2 Kf7 32. Bf1 Rg8 33. Bh3 Re7 34. Bg2 g5 35. hxg5 Rxg5 36. Kf1 Ke6 37. Bxe4 fxe4 38. Bc3 Rh7 39. Ke1 h4 40. gxh4 Rxh4 41. Kd2 Rg1 42. Re1 Rxe1 43. Kxe1 Rh1+ 44. Ke2 Kf5 45. Bxb4 axb4 46. Rc5 Ke6 47. Ra5 Kd6 48. Ra8 Rb1 49. a5 Rxb3 50. Ra7 Kc7 51. a6 Kb6 52. Rxb7+ Kxa6 53. Rb8 Rb2+ 54. Ke1 Ka5 0-1

[Event "Pardubice Czech op-E 35th"]
[Site "Pardubice"]
[Date "2024.07.14"]
[Round "6.4"]
[White "Pisk, Petr"]
[Black "Mica, Marek"]
[Result "0-1"]
[WhiteElo "2279"]
[BlackElo "2384"]
[PlyCount "112"]
[EventDate "2024.07.11"]
[EventType "team-swiss"]
[EventRounds "7"]
[EventCountry "CZE"]
[SourceTitle "CBM 221 Extra"]
[Source "ChessBase"]
[SourceDate "2024.09.30"]
[SourceVersion "1"]
[SourceVersionDate "2024.09.30"]
[SourceQuality "1"]
[WhiteTeam "Brno Moravska Slavia"]
[BlackTeam "Beskydy Chess School"]
[WhiteTeamCountry "CZE"]
[BlackTeamCountry "CZE"]

1. d4 Nf6 2. Nf3 e6 3. Bg5 h6 4. Bh4 b6 5. e3 Bb7 6. Nbd2 g5 7. Bg3 d6 8. c3 Nbd7 9. Qc2 Nh5 10. e4 Bg7 11. Be2 Qe7 12. Ng1 Nxg3 13. hxg3 c5 14. dxc5 dxc5 15. Nc4 0-0-0 16. Nf3 g4 17. Nfd2 h5 18. 0-0-0 Ne5 19. Nxe5 Bxe5 20. Qa4 Kb8 21. Ba6 Ba8 22. Rhe1 h4 23. gxh4 Qxh4 24. Re2 Qg5 25. Kb1 Rd6 26. Nc4 Bc6 27. Qc2 Rxd1+ 28. Qxd1 Rd8 29. Qc2 Bc7 30. a4 f5 31. exf5 exf5 32. g3 Qh5 33. Ka2 Bd5 34. Ka3 Qf7 35. Ne5 Qf6 36. c4 Ba8 37. Qc3 Bxe5 38. Qxe5+ Qxe5 39. Rxe5 Be4 40. Bb5 Rd3+ 41. Ka2 Rf3 42. Re8+ Kc7 43. Re7+ Kb8 44. Re8+ Kc7 45. Re7+ Kd6 46. Rxa7 Rxf2 47. Ra6 f4 48. gxf4 g3 49. Rxb6+ Kc7 50. Re6 g2 51. Rxe4 g1Q 52. Re7+ Kd6 53. Rd7+ Ke6 54. Rd3 Qc1 55. Rb3 Rf1 56. Rc3 Qb1+ 0-1

[Event "Pardubice Czech op-E 35th"]
[Site "Pardubice"]
[Date "2024.07.11"]
[Round "1.4"]
[White "Svida, Rostislav"]
[Black "Pisk, Petr"]
[Result "0-1"]
[WhiteElo "1773"]
[BlackElo "2279"]
[PlyCount "68"]
[EventDate "2024.07.11"]
[EventType "team-swiss"]
[EventRounds "7"]
[EventCountry "CZE"]
[SourceTitle "CBM 221 Extra"]
[Source "ChessBase"]
[SourceDate "2024.09.30"]
[SourceVersion "1"]
[SourceVersionDate "2024.09.30"]
[SourceQuality "1"]
[WhiteTeam "Dvur Kralove nad Labem"]
[BlackTeam "Brno Moravska Slavia"]
[WhiteTeamCountry "CZE"]
[BlackTeamCountry "CZE"]

1. d4 Nf6 2. Nf3 e6 3. g3 b5 4. Bg2 Bb7 5. 0-0 d5 6. b3 Nbd7 7. Bb2 c5 8. e3 Be7 9. Nbd2 0-0 10. Ne5 cxd4 11. exd4 b4 12. c4 bxc3 13. Bxc3 a5 14. Qc2 Rc8 15. Qb2 Nxe5 16. dxe5 Nd7 17. Rfc1 Nc5 18. Bf1 Qb6 19. Bd4 Ba6 20. Rc2 Bxf1 21. Nxf1 Qb7 22. Rd1 Rc6 23. Ne3 Rfc8 24. Bxc5 Bxc5 25. Rcd2 Bb4 26. Rd3 Bc3 27. Qa3 Qb4 28. Qxb4 axb4 29. Nc4 h5 30. Nd6 Ra8 31. f4 Rxa2 32. Nb5 Kh7 33. Rc1 Bd4+ 34. Nxd4 Rxc1+ 0-1

[Event "CZE-chT1E 2324"]
[Site "Czech Republic"]
[Date "2024.04.14"]
[Round "11.3"]
[White "Babula, Vlastimil1"]
[Black "Pisk, Petr"]
[Result "1-0"]
[WhiteElo "2299"]
[BlackElo "2301"]
[PlyCount "65"]
[EventDate "2023.10.22"]
[EventType "team-tourn"]
[EventRounds "11"]
[EventCountry "CZE"]
[SourceTitle "EXT 2025"]
[Source "ChessBase"]
[SourceDate "2024.10.14"]
[SourceVersion "1"]
[SourceVersionDate "2024.10.14"]
[SourceQuality "1"]
[WhiteTeam "Stare Mesto"]
[BlackTeam "Jundrov Jezdci"]
[WhiteTeamCountry "CZE"]
[BlackTeamCountry "CZE"]

1. e4 c6 2. d4 d5 3. e5 Bf5 4. h4 h5 5. Bd3 Bxd3 6. Qxd3 Qa5+ 7. Nd2 e6 8. Ne2 Qa6 9. c4 Nd7 10. Nf4 Ne7 11. 0-0 Nf5 12. g3 Be7 13. b3 g5 14. hxg5 Bxg5 15. Nf3 Be7 16. Qc2 h4 17. cxd5 hxg3 18. Kg2 Nxd4 19. Nxd4 Rh2+ 20. Kxg3 Qxf1 21. Bb2 Qxf2+ 22. Qxf2 Rxf2 23. Kxf2 cxd5 24. Nd3 0-0-0 25. Rh1 a6 26. Rh7 Nc5 27. Nxc5 Bxc5 28. Rxf7 Rh8 29. Kg3 Rg8+ 30. Kh4 Rh8+ 31. Kg4 Rg8+ 32. Kh5 Rg2 33. Nxe6 1-0

[Event "CZE-chT1E 2324"]
[Site "Czech Republic"]
[Date "2024.02.18"]
[Round "8.3"]
[White "Pisk, Petr"]
[Black "Frank, Adam"]
[Result "1/2-1/2"]
[WhiteElo "2301"]
[BlackElo "2314"]
[PlyCount "86"]
[EventDate "2023.10.22"]
[EventType "team-tourn"]
[EventRounds "11"]
[EventCountry "CZE"]
[SourceTitle "EXT 2025"]
[Source "ChessBase"]
[SourceDate "2024.10.14"]
[SourceVersion "1"]
[SourceVersionDate "2024.10.14"]
[SourceQuality "1"]
[WhiteTeam "Jundrov Jezdci"]
[BlackTeam "Frydek Mistek II"]
[WhiteTeamCountry "CZE"]
[BlackTeamCountry "CZE"]

1. e4 c5 2. Nf3 d6 3. d4 cxd4 4. Qxd4 Nc6 5. Bb5 a6 6. Bxc6+ bxc6 7. c4 e5 8. Qd3 Be7 9. 0-0 Nf6 10. Nc3 a5 11. Bg5 0-0 12. Rfd1 Qb6 13. Na4 Qb4 14. b3 d5 15. Nxe5 dxe4 16. Qe3 Ng4 17. Nxg4 Bxg4 18. Bxe7 Qxe7 19. f3 Bh5 20. Re1 f5 21. fxe4 f4 22. Qc5 Qh4 23. Qf2 Qg5 24. Nc5 Rae8 25. e5 Bg4 26. Re4 Rxe5 27. Rxe5 Qxe5 28. Re1 Qf6 29. Ne4 Qg6 30. Nd2 f3 31. Rf1 Qg5 32. Ne4 Qg6 33. Nd2 h5 34. Qg3 fxg2 35. Rxf8+ Kxf8 36. Qxg2 Qd6 37. Qf2+ Kg8 38. Qe3 Qg6 39. Kf2 h4 40. Qf4 Qd3 41. Qxg4 Qxd2+ 42. Kg1 Qxa2 43. Qe6+ Kh7 1/2-1/2

[Event "CZE-chT1E 2324"]
[Site "Czech Republic"]
[Date "2024.01.21"]
[Round "6.2"]
[White "Blahynka, Martin"]
[Black "Pisk, Petr"]
[Result "1/2-1/2"]
[WhiteElo "2378"]
[BlackElo "2301"]
[PlyCount "119"]
[EventDate "2023.10.22"]
[EventType "team-tourn"]
[EventRounds "11"]
[EventCountry "CZE"]
[SourceTitle "EXT 2025"]
[Source "ChessBase"]
[SourceDate "2024.10.14"]
[SourceVersion "1"]
[SourceVersionDate "2024.10.14"]
[SourceQuality "1"]
[WhiteTeam "Brno Duras"]
[BlackTeam "Jundrov Jezdci"]
[WhiteTeamCountry "CZE"]
[BlackTeamCountry "CZE"]

1. c4 c6 2. Nf3 Nf6 3. Nc3 d5 4. d4 a6 5. c5 Nbd7 6. Bf4 Nh5 7. Bd2 Nhf6 8. Bf4 Nh5 9. Bd2 Nhf6 10. Qc2 e5 11. dxe5 Ng4 12. Na4 Ngxe5 13. Nxe5 Nxe5 14. Bc3 f6 15. Nb6 Rb8 16. Nxc8 Qxc8 17. e4 Be7 18. 0-0-0 dxe4 19. Qxe4 0-0 20. f4 Ng6 21. Bc4+ Kh8 22. Be6 Qe8 23. Bd7 Qf7 24. Be6 Qe8 25. Rd7 Bxc5 26. f5 Ne5 27. Bxe5 fxe5 28. g4 Be7 29. Qe3 Rd8 30. Rxb7 c5 31. Rc7 Bd6 32. Ra7 Ra8 33. Rd7 Rd8 34. Rxd8 Qxd8 35. Rd1 Qc7 36. g5 e4 37. Qxe4 Bf4+ 38. Kb1 Bxg5 39. h4 Bf6 40. Qe2 Rb8 41. Bb3 a5 42. Re1 Qd8 43. h5 h6 44. Qe4 Kh7 45. Re2 c4 46. Qxc4 Qb6 47. Qg4 Kh8 48. Qe4 Qd8 49. Ba4 Kh7 50. Bb3 Qd6 51. Qg4 Qd3+ 52. Bc2 Rxb2+ 53. Kc1 Rxc2+ 54. Rxc2 Qf1+ 55. Kd2 Bg5+ 56. Kc3 Bf6+ 57. Kd2 Bg5+ 58. Kc3 Bf6+ 59. Kd2 Bg5+ 60. Kc3 1/2-1/2

[Event "CZE-chT1E 2324"]
[Site "Czech Republic"]
[Date "2024.01.07"]
[Round "5.3"]
[White "Walter, Szymon"]
[Black "Pisk, Petr"]
[Result "1/2-1/2"]
[WhiteElo "2328"]
[BlackElo "2301"]
[PlyCount "28"]
[EventDate "2023.10.22"]
[EventType "team-tourn"]
[EventRounds "11"]
[EventCountry "CZE"]
[SourceTitle "EXT 2025"]
[Source "ChessBase"]
[SourceDate "2024.10.14"]
[SourceVersion "1"]
[SourceVersionDate "2024.10.14"]
[SourceQuality "1"]
[WhiteTeam "Poruba Slavoj II"]
[BlackTeam "Jundrov Jezdci"]
[WhiteTeamCountry "CZE"]
[BlackTeamCountry "CZE"]

1. e4 e5 2. Nf3 Nc6 3. Bb5 Nd4 4. Nxd4 exd4 5. 0-0 Bc5 6. b4 Bb6 7. Bb2 c6 8. Ba4 Ne7 9. c3 dxc3 10. Nxc3 0-0 11. Qf3 d5 12. exd5 Nxd5 13. Nxd5 Qxd5 14. Qxd5 cxd5 1/2-1/2

[Event "CZE-chT1E 2324"]
[Site "Czech Republic"]
[Date "2023.12.10"]
[Round "4.4"]
[White "Jares, Michal"]
[Black "Pisk, Petr"]
[Result "1/2-1/2"]
[WhiteElo "2286"]
[BlackElo "2301"]
[PlyCount "117"]
[EventDate "2023.10.22"]
[EventType "team-tourn"]
[EventRounds "11"]
[EventCountry "CZE"]
[SourceTitle "EXT 2025"]
[Source "ChessBase"]
[SourceDate "2024.10.14"]
[SourceVersion "1"]
[SourceVersionDate "2024.10.14"]
[SourceQuality "1"]
[WhiteTeam "Polabiny III"]
[BlackTeam "Jundrov Jezdci"]
[WhiteTeamCountry "CZE"]
[BlackTeamCountry "CZE"]

1. Nf3 d5 2. g3 c6 3. Bg2 Bg4 4. 0-0 Nf6 5. d4 Nbd7 6. c4 Bxf3 7. Bxf3 e6 8. Nd2 Bd6 9. e4 dxe4 10. Nxe4 Nxe4 11. Bxe4 Nf6 12. Bg2 0-0 13. Qb3 Qb6 14. Rd1 Qxb3 15. axb3 h6 16. Bd2 Rfe8 17. Bc3 a6 18. Rd3 e5 19. d5 e4 20. Rdd1 cxd5 21. Bxf6 gxf6 22. Rxd5 Bb4 23. Rd7 a5 24. Rad1 b6 25. R7d4 Bc5 26. Rxe4 Rxe4 27. Bxe4 Re8 28. Bf3 Re7 29. Kf1 Kg7 30. Bd5 Re5 31. Rd3 Bb4 32. Rd1 Bc5 33. h3 Bb4 34. Bf3 Bc5 35. Rd7 Re7 36. Rd8 Bb4 37. Be2 Bc5 38. Bh5 Bb4 39. Rb8 Re1+ 40. Kg2 Bc5 41. Rd8 Re5 42. Bf3 Re1 43. Bd1 Re5 44. h4 Re1 45. g4 Re4 46. Bf3 Rd4 47. Rd5 Rxd5 48. cxd5 f5 49. gxf5 Kf6 50. Bh5 b5 51. Kf3 Ke7 52. Ke2 Bd4 53. f4 Bxb2 54. d6+ Kxd6 55. Bxf7 a4 56. bxa4 bxa4 57. Kf3 Ke7 58. Be6 Kf6 59. Kg4 1/2-1/2

[Event "AUT-chT2O 2324"]
[Site "Austria"]
[Date "2023.11.05"]
[Round "5.3"]
[White "Pisk, Petr"]
[Black "Ganaus, Hannes"]
[Result "1/2-1/2"]
[WhiteElo "2301"]
[BlackElo "2235"]
[PlyCount "45"]
[EventDate "2023.10.13"]
[EventType "team-tourn"]
[EventRounds "11"]
[EventCountry "AUT"]
[SourceTitle "EXT 2025"]
[Source "ChessBase"]
[SourceDate "2024.10.14"]
[SourceVersion "1"]
[SourceVersionDate "2024.10.14"]
[SourceQuality "1"]
[WhiteTeam "Hietzing"]
[BlackTeam "Pressbaum"]
[WhiteTeamCountry "AUT"]
[BlackTeamCountry "AUT"]

1. e4 e6 2. d4 d5 3. exd5 exd5 4. Bd3 Nc6 5. c3 Bd6 6. Nf3 Bg4 7. 0-0 Nge7 8. Re1 Qd7 9. Nbd2 f6 10. b4 0-0 11. b5 Na5 12. Qa4 b6 13. Ba3 Ng6 14. Bb4 Nf4 15. Bf1 Bxf3 16. Nxf3 Qg4 17. Kh1 Nc4 18. Qc2 a5 19. Bxd6 Nxd6 20. Ng1 Qd7 21. g3 Ng6 22. Qb3 Qf7 23. a4 1/2-1/2

[Event "Pardubice Czech op-E 34th"]
[Site "Pardubice"]
[Date "2023.07.14"]
[Round "2"]
[White "Pisk, Petr"]
[Black "Novak, Martin1"]
[Result "1-0"]
[WhiteElo "2302"]
[BlackElo "1872"]
[PlyCount "73"]
[EventDate "2023.07.13"]
[EventType "team-swiss"]
[EventRounds "7"]
[EventCountry "CZE"]
[SourceTitle "CBM 215 Extra"]
[Source "ChessBase"]
[SourceDate "2023.09.30"]
[SourceVersion "1"]
[SourceVersionDate "2023.09.30"]
[SourceQuality "1"]
[WhiteTeam "Brno Moravska Slavia"]
[BlackTeam "Lokomotiva Caissa II"]
[WhiteTeamCountry "CZE"]
[BlackTeamCountry "CZE"]

1. e4 e6 2. d3 d5 3. Nd2 Nf6 4. Ngf3 b6 5. g3 Bb7 6. Bg2 c5 7. 0-0 Qc7 8. exd5 Nxd5 9. Ne4 Nc6 10. c4 Nf6 11. Bf4 Qd7 12. Ne5 Nxe5 13. Bxe5 Nxe4 14. dxe4 Qxd1 15. Raxd1 f6 16. Bc3 Be7 17. f4 Kf7 18. Rd7 Bc6 19. Rc7 Rhc8 20. Rxc6 Rxc6 21. e5 Rac8 22. Bxc6 Rxc6 23. Rd1 Ke8 24. exf6 gxf6 25. Kf2 Rc8 26. f5 e5 27. g4 Rd8 28. Rxd8+ Bxd8 29. Kf3 Be7 30. Ke4 h6 31. Kd5 Kd7 32. Bd2 Bf8 33. h4 Bg7 34. b4 cxb4 35. Bxb4 a6 36. a4 a5 37. Bd2 1-0

[Event "CZE-chT1E 2223"]
[Site "Czech Republic"]
[Date "2023.02.26"]
[Round "9.1"]
[White "Pisk, Petr"]
[Black "Zidek, Vaclav"]
[Result "1/2-1/2"]
[WhiteElo "2328"]
[BlackElo "2127"]
[PlyCount "47"]
[EventDate "2022.10.08"]
[EventType "team-tourn"]
[EventRounds "11"]
[EventCountry "CZE"]
[SourceTitle "CBM 213 Extra"]
[Source "ChessBase"]
[SourceDate "2023.05.31"]
[SourceVersion "1"]
[SourceVersionDate "2023.05.31"]
[SourceQuality "1"]
[WhiteTeam "Jundrov Jezdci"]
[BlackTeam "Poruba Slavoj II"]
[WhiteTeamCountry "CZE"]
[BlackTeamCountry "CZE"]

1. d4 e6 2. Nf3 Nf6 3. Bg5 c5 4. e3 cxd4 5. exd4 Be7 6. Nbd2 b6 7. g3 Bb7 8. Bg2 d6 9. Bxf6 Bxf6 10. 0-0 0-0 11. Re1 Nd7 12. Nc4 Qc7 13. Ne3 Rac8 14. c3 g6 15. a4 a6 16. h4 h5 17. Nd2 Bxg2 18. Nxg2 Bg7 19. Ne4 Nf6 20. Nxf6+ Bxf6 21. Qf3 Bg7 22. Nf4 d5 23. Kh1 Qd8 24. Kg2 1/2-1/2

[Event "CZE-chT1E 2223"]
[Site "Czech Republic"]
[Date "2023.01.29"]
[Round "7.2"]
[White "Pisk, Petr"]
[Black "Kusa, Jakub"]
[Result "1/2-1/2"]
[WhiteElo "2328"]
[BlackElo "2360"]
[PlyCount "43"]
[EventDate "2022.10.08"]
[EventType "team-tourn"]
[EventRounds "11"]
[EventCountry "CZE"]
[SourceTitle "CBM 213 Extra"]
[Source "ChessBase"]
[SourceDate "2023.05.31"]
[SourceVersion "1"]
[SourceVersionDate "2023.05.31"]
[SourceQuality "1"]
[WhiteTeam "Jundrov Jezdci"]
[BlackTeam "Brno Moravska Slavia II"]
[WhiteTeamCountry "CZE"]
[BlackTeamCountry "CZE"]

1. e4 e5 2. Nf3 Nc6 3. Bb5 Nf6 4. 0-0 Nxe4 5. Re1 Nd6 6. Nxe5 Be7 7. Bf1 Nxe5 8. Rxe5 0-0 9. d4 Bf6 10. Re1 Re8 11. Rxe8+ Nxe8 12. c3 d5 13. Bd3 g6 14. Bf4 Ng7 15. Nd2 c6 16. h3 Bf5 17. Bxf5 Nxf5 18. Nf3 Ng7 19. Qb3 Qb6 20. Qc2 Re8 21. Re1 Rxe1+ 22. Nxe1 1/2-1/2

[Event "AUT-chT2O 2223"]
[Site "Austria"]
[Date "2022.11.20"]
[Round "4.2"]
[White "Pisk, Petr"]
[Black "Volkmann, Friedrich Karl"]
[Result "0-1"]
[WhiteElo "2328"]
[BlackElo "2378"]
[PlyCount "105"]
[EventDate "2022.10.15"]
[EventType "team-tourn"]
[EventRounds "11"]
[EventCountry "AUT"]
[SourceTitle "CBM 213 Extra"]
[Source "ChessBase"]
[SourceDate "2023.05.31"]
[SourceVersion "1"]
[SourceVersionDate "2023.05.31"]
[SourceQuality "1"]
[WhiteTeam "Hietzing"]
[BlackTeam "Pamhagen"]
[WhiteTeamCountry "AUT"]
[BlackTeamCountry "AUT"]

1. d4 Nf6 2. Nf3 c5 3. e3 d5 4. c3 Qc7 5. Nbd2 Nbd7 6. h3 g6 7. Be2 Bg7 8. 0-0 0-0 9. b4 b6 10. a4 e5 11. bxc5 bxc5 12. Ba3 e4 13. Ne1 Re8 14. Nc2 c4 15. Bb4 a5 16. Ba3 Bb7 17. f3 exf3 18. Rxf3 Bc6 19. Ne1 Ne4 20. Nxe4 Rxe4 21. Bc1 Bh6 22. Bd2 Nb6 23. Qc2 Rae8 24. Kf2 Qe7 25. Qc1 Bxa4 26. Ra2 Qe6 27. Bf1 Bg5 28. g3 h5 29. h4 Bh6 30. Ng2 Ra8 31. Qa1 Qc6 32. Nf4 Qb5 33. Bh3 Bb3 34. Ra3 a4 35. Qb1 Rae8 36. Ra1 Qc6 37. Qh1 Nd7 38. Bxd7 Qxd7 39. Qh3 Qd6 40. Bc1 Qc6 41. Ba3 Rb8 42. Bb4 Bc2 43. Qf1 Ree8 44. Kg1 Be4 45. Rf2 Qd7 46. Kh2 Rb6 47. Qd1 Ra8 48. Rfa2 Rba6 49. Ba3 Bf8 50. Rb2 Bd6 51. Rba2 Bxa3 52. Rxa3 Rb8 53. R1a2 0-1

[Event "Brno IM 11th"]
[Site "Brno"]
[Date "2022.11.17"]
[Round "6"]
[White "Pisk, Petr"]
[Black "Finek, Vaclav"]
[Result "0-1"]
[WhiteElo "2328"]
[BlackElo "2404"]
[PlyCount "112"]
[EventDate "2022.11.12"]
[EventType "tourn"]
[EventRounds "9"]
[EventCountry "CZE"]
[EventCategory "2"]
[SourceTitle "CBM 211 Extra"]
[Source "ChessBase"]
[SourceDate "2023.01.31"]
[SourceVersion "1"]
[SourceVersionDate "2023.01.31"]
[SourceQuality "1"]

1. d4 Nf6 2. Nf3 g6 3. Nc3 d5 4. Bf4 Bg7 5. e3 0-0 6. Be2 c5 7. Ne5 cxd4 8. exd4 Nc6 9. 0-0 Bf5 10. Re1 Rc8 11. g4 Be6 12. Bf3 a6 13. h3 b5 14. Nxc6 Rxc6 15. Be5 Bh6 16. h4 b4 17. Na4 Nd7 18. g5 Nxe5 19. gxh6 Nxf3+ 20. Qxf3 Rxc2 21. Qe3 Qd6 22. Rac1 Rxc1 23. Rxc1 f6 24. Re1 Kf7 25. Nc5 Bc8 26. f4 Re8 27. Qg3 a5 28. Kf2 Bf5 29. Ke3 e6 30. Rc1 Re7 31. h5 g5 32. Rg1 g4 33. Qh4 Re8 34. Rc1 Re7 35. Nb3 Qb8 36. Qe1 Be4 37. Nc5 Bf5 38. Nb3 a4 39. Nc5 Qb5 40. Kf2 Qb8 41. Kg3 Qf8 42. Qxb4 Qxh6 43. Nb7 Qxh5 44. Nd6+ Kg6 45. Nxf5 Qh3+ 46. Kf2 Rf7 47. Ne7+ Kg7 48. Rc8 Qf3+ 49. Ke1 g3 50. Rg8+ Kh6 51. f5 Qf2+ 52. Kd1 g2 53. fxe6 g1Q+ 54. Rxg1 Qxg1+ 55. Kc2 Qf2+ 56. Kd1 Rg7 0-1

[Event "Brno IM 11th"]
[Site "Brno"]
[Date "2022.11.15"]
[Round "4"]
[White "Pisk, Petr"]
[Black "Kusa, Jakub"]
[Result "1/2-1/2"]
[WhiteElo "2328"]
[BlackElo "2374"]
[PlyCount "32"]
[EventDate "2022.11.12"]
[EventType "tourn"]
[EventRounds "9"]
[EventCountry "CZE"]
[EventCategory "2"]
[SourceTitle "CBM 211 Extra"]
[Source "ChessBase"]
[SourceDate "2023.01.31"]
[SourceVersion "1"]
[SourceVersionDate "2023.01.31"]
[SourceQuality "1"]

1. d4 d5 2. Nf3 e6 3. g3 c5 4. Bg2 cxd4 5. 0-0 Nf6 6. Nxd4 e5 7. Nb3 Be6 8. e4 Nc6 9. exd5 Nxd5 10. Bd2 Be7 11. Nc3 0-0 12. Nxd5 Bxd5 13. Be3 Bxg2 14. Kxg2 Rc8 15. Qxd8 Rfxd8 16. Rfd1 f6 1/2-1/2